[Event "Montcalm 1 2018-19"]
[Site "Quebec CAN"]
[Date "2018.09.06"]
[Round "1"]
[White "Leblanc-Legault, Mathieu"]
[Black "Gaulin, Gaetan"]
[Result "1/2-1/2"]
[WhiteElo "1694"]
[BlackElo "1936"]
[PlyCount "135"]
[EventDate "2018.09.06"]
[EventType "swiss"]
[EventRounds "5"]
[EventCountry "CAN"]

1. d4 Nf6 2. Nf3 e6 3. a3 d5 4. c4 Be7 5. Nc3 O-O 6. cxd5 exd5 7. Qc2 Re8 8.
Bf4 c6 9. h3 Nbd7 10. e3 Nf8 11. Bd3 Ng6 12. Bg3 Bd6 13. Bxd6 Qxd6 14. O-O Bd7
15. Rfe1 Re7 16. Rac1 Rae8 17. b4 Ne4 18. Bxe4 dxe4 19. Nd2 f5 20. Ne2 Qf6 21.
Qc3 Qg5 22. Kh2 f4 23. exf4 Nxf4 24. Nxf4 Qxf4+ 25. Kg1 e3 26. Nf3 exf2+ 27.
Kxf2 Rxe1 28. Rxe1 Rxe1 29. Qxe1 Kf7 30. g3 Qf5 31. g4 Qf6 32. Qe4 h6 33. Ke3
Be6 34. Ne5+ Kg8 35. Ng6 Bf7 36. Ne7+ Kf8 37. Nf5 h5 38. Qe5 Qg5+ 39. Qf4 Qxf4+
40. Kxf4 hxg4 41. hxg4 Be6 42. Ne3 Ke7 43. Ke5 g6 44. g5 b6 45. d5 Bd7 46. d6+
Kf7 47. Nc4 Be6 48. Nd2 Bf5 49. Nf3 Bg4 50. Nd4 Bd7 51. Ke4 Bh3 52. Kf4 Bd7 53.
Ke5 c5 54. bxc5 bxc5 55. Nc2 Be6 56. Ne3 Ba2 57. Ng4 c4 58. d7 Ke7 59. Kd4 Kxd7
60. Ne5+ Ke6 61. Nxg6 Kf5 62. Ne7+ Kxg5 63. Nc6 Kf5 64. Nxa7 Ke6 65. Nb5 Kd7
66. Kc3 Bb3 67. Nd4 Kc7 68. Nxb3 1/2-1/2

[Event "Montcalm 1 2018-19"]
[Site "Quebec CAN"]
[Date "2018.09.06"]
[Round "1"]
[White "Perreault, Jacquelin"]
[Black "Plante, Rejean"]
[Result "0-1"]
[WhiteElo "1757"]
[BlackElo "2088"]
[PlyCount "42"]
[EventDate "2018.09.06"]
[EventType "swiss"]
[EventRounds "5"]
[EventCountry "CAN"]

1. e4 c5 2. Nf3 Nc6 3. d4 cxd4 4. Nxd4 Qb6 5. Nxc6 dxc6 6. Nc3 e5 7. Bc4 Nf6 8.
O-O Be7 9. h3 O-O 10. Qe2 Bd7 11. Bb3 Rad8 12. Be3 Qa5 13. Rad1 b5 14. f4 b4
15. fxe5 Qxe5 16. Bf4 Qc5+ 17. Be3 Qa5 18. e5 Qxe5 19. Bd4 Qxe2 20. Nxe2 c5 21.
Be5 Bb5 0-1

[Event "Montcalm 1 2018-19"]
[Site "Quebec CAN"]
[Date "2018.09.06"]
[Round "1"]
[White "Sauve, Richard"]
[Black "Dumont, Eric"]
[Result "1/2-1/2"]
[WhiteElo "1918"]
[BlackElo "1661"]
[PlyCount "66"]
[EventDate "2018.09.06"]
[EventType "swiss"]
[EventRounds "5"]
[EventCountry "CAN"]

1. d4 d5 2. c4 c6 3. e3 Nf6 4. Nc3 Nbd7 5. Nf3 e6 6. Qc2 dxc4 7. Bxc4 Bd6 8.
O-O Nb6 9. Bb3 O-O 10. e4 Be7 11. Rd1 Bd7 12. Bg5 Ne8 13. Bxe7 Qxe7 14. a4 a5
15. Rac1 Rc8 16. Ne5 c5 17. Nxd7 Nxd7 18. Nb5 Nc7 19. Nxc7 Rxc7 20. d5 exd5 21.
exd5 Qd6 22. Qc3 b6 23. Bc4 Nf6 24. Qf3 Re8 25. Re1 Rce7 26. Rxe7 Rxe7 27. h3
Re5 28. Rd1 h6 29. b3 Nh5 30. Qg4 Nf6 31. Qc8+ Re8 32. Qc6 Rd8 33. Qb7 Rd7
1/2-1/2

[Event "Montcalm 1 2018-19"]
[Site "Quebec CAN"]
[Date "2018.09.13"]
[Round "2"]
[White "Fecteau, Martin"]
[Black "Desbiens, Raphael"]
[Result "0-1"]
[WhiteElo "1914"]
[BlackElo "2175"]
[PlyCount "120"]
[EventDate "2018.09.06"]
[EventType "swiss"]
[EventRounds "5"]
[EventCountry "CAN"]

1. d4 Nf6 2. c4 g6 3. g3 c6 4. Bg2 d5 5. Nf3 Bg7 6. O-O O-O 7. Nc3 dxc4 8. Ne5
Ng4 9. Nf3 Nd7 10. a4 a5 11. Qc2 Nb6 12. h3 Nf6 13. e4 Be6 14. Be3 Ra6 15. Ng5
Qc8 16. Nxe6 Qxe6 17. f4 Nfd5 18. Bf2 Nb4 19. Qd2 f5 20. e5 N6d5 21. Nxd5 cxd5
22. Qc3 Rc8 23. Be3 Qd7 24. Rfc1 b5 25. axb5 Qxb5 26. Rcb1 e6 27. Qc1 Bf8 28.
Bd2 Nc6 29. Bc3 a4 30. Bf3 Na5 31. Qe1 Nb3 32. Ra2 Be7 33. g4 fxg4 34. hxg4 Rf8
35. Qe3 Qe8 36. Rf1 Qf7 37. Bd1 g5 38. f5 exf5 39. gxf5 g4 40. f6 Bxf6 41. Rxf6
Rxf6 42. exf6 Qxf6 43. Be2 h5 44. Rxa4 h4 45. Bb4 Rf7 46. Ra8+ Kh7 47. Be1 Re7
48. Qf2 Qxf2+ 49. Kxf2 g3+ 50. Kf1 g2+ 51. Kg1 Rxe2 52. Bxh4 Nxd4 53. Bf2 Nb3
54. Kxg2 Rxb2 55. Rc8 Kg6 56. Kf3 Kf5 57. Be3 Nd2+ 58. Bxd2 Rxd2 59. Ke3 Rd3+
60. Ke2 Ke4 0-1

[Event "Montcalm 1 2018-19"]
[Site "Quebec CAN"]
[Date "2018.09.13"]
[Round "2"]
[White "Gaulin, Gaetan"]
[Black "Dube, Daniel"]
[Result "1/2-1/2"]
[WhiteElo "1936"]
[BlackElo "1843"]
[PlyCount "74"]
[EventDate "2018.09.06"]
[EventType "swiss"]
[EventRounds "5"]
[EventCountry "CAN"]

1. Nf3 g6 2. g3 f5 3. d4 Bg7 4. Bg2 Nf6 5. O-O O-O 6. c4 d6 7. Nc3 Nc6 8. d5
Na5 9. Qd3 e5 10. dxe6 Bxe6 11. Nd2 Nc6 12. Nd5 Rb8 13. Rb1 Ne5 14. Qc2 c6 15.
Nxf6+ Qxf6 16. f4 Ng4 17. Nf3 Qf7 18. h3 Nf6 19. Ng5 Qe7 20. Be3 Bc8 21. Bf2 h6
22. Nf3 Ne4 23. Rfe1 Nxf2 24. Kxf2 Re8 25. e3 Qe4 26. Nd4 Qxc2+ 27. Nxc2 Be6
28. b3 d5 29. cxd5 Bxd5 30. Bxd5+ cxd5 31. Rbd1 Rbc8 32. Re2 Red8 33. Red2 Kf7
34. Nd4 Bxd4 35. Rxd4 Rc2+ 36. R1d2 Rxd2+ 37. Rxd2 Ke6 1/2-1/2

[Event "Montcalm 1 2018-19"]
[Site "Quebec CAN"]
[Date "2018.09.13"]
[Round "2"]
[White "Hebert, Marc"]
[Black "Betancourt, Juan-Mauricio"]
[Result "0-1"]
[WhiteElo "1470"]
[BlackElo "1877"]
[PlyCount "58"]
[EventDate "2018.09.06"]
[EventType "swiss"]
[EventRounds "5"]
[EventCountry "CAN"]

1. c4 Nf6 2. Nc3 c5 3. Nf3 Nc6 4. g3 g6 5. Bg2 Bg7 6. O-O O-O 7. d3 e6 8. Be3
d6 9. Rb1 a6 10. Qd2 Re8 11. a3 Qc7 12. b4 cxb4 13. axb4 d5 14. Bg5 dxc4 15.
dxc4 Ne7 16. Bxf6 Bxf6 17. Ne4 Bg7 18. c5 Rd8 19. Qc2 Bd7 20. Rfc1 Bc6 21. Nfd2
b5 22. cxb6 Qxb6 23. Nc5 Bxg2 24. Kxg2 Rac8 25. Qa2 Rc6 26. Nc4 Qa7 27. f3 Nd5
28. Qa4 Nxb4 29. Nxe6 Rxe6 0-1

[Event "Montcalm 1 2018-19"]
[Site "Quebec CAN"]
[Date "2018.09.13"]
[Round "2"]
[White "Labrecque, Rejean"]
[Black "Sauve, Richard"]
[Result "1/2-1/2"]
[WhiteElo "1640"]
[BlackElo "1918"]
[PlyCount "82"]
[EventDate "2018.09.06"]
[EventType "swiss"]
[EventRounds "5"]
[EventCountry "CAN"]

1. d4 e6 2. c4 d5 3. Nf3 c6 4. e3 f5 5. Ne5 Nf6 6. Bd3 Bd6 7. O-O O-O 8. Nd2
Ne4 9. f4 b6 10. cxd5 cxd5 11. Nxe4 fxe4 12. Bb5 Bd7 13. Qa4 Bxb5 14. Qxb5 Bxe5
15. fxe5 Rxf1+ 16. Kxf1 Qd7 17. Qxd7 Nxd7 18. Bd2 Rc8 19. Rc1 Rxc1+ 20. Bxc1
Kf7 21. Bd2 Ke7 22. Bb4+ Kd8 23. Bd6 Kc8 24. Ke2 Kb7 25. Kd2 Ka6 26. Kc3 Kb5
27. b3 a5 28. g4 Kc6 29. h4 b5 30. h5 Kb7 31. g5 g6 32. hxg6 hxg6 33. Kb2 Kc6
34. Kc3 Nb6 35. Bc5 Nd7 36. Bd6 b4+ 37. Kb2 Kb5 38. Kc2 a4 39. Kb2 Nb6 40. Kc2
a3 41. Bc5 Nd7 1/2-1/2

[Event "Montcalm 1 2018-19"]
[Site "Quebec CAN"]
[Date "2018.09.13"]
[Round "2"]
[White "Plante, Rejean"]
[Black "Auger, Bertrand"]
[Result "0-1"]
[WhiteElo "2088"]
[BlackElo "1909"]
[PlyCount "50"]
[EventDate "2018.09.06"]
[EventType "swiss"]
[EventRounds "5"]
[EventCountry "CAN"]

1. d4 Nf6 2. c4 e6 3. g3 d5 4. Bg2 Be7 5. Nf3 O-O 6. O-O dxc4 7. Nc3 c5 8. dxc5
Bxc5 9. Ne5 a6 10. Qc2 Qc7 11. Nxc4 Bxf2+ 12. Rxf2 Qxc4 13. Rf4 Qc5+ 14. Kh1
Nc6 15. a3 Nd5 16. Rh4 f5 17. e4 Nxc3 18. exf5 Rxf5 19. bxc3 Bd7 20. Be4 Rf1+
21. Kg2 Qg1+ 22. Kh3 e5+ 23. g4 h5 24. Bg2 Bxg4+ 25. Kg3 Rf3# 0-1

[Event "Montcalm 1 2018-19"]
[Site "Quebec CAN"]
[Date "2018.09.13"]
[Round "2"]
[White "Sarra-Bournet, Marc"]
[Black "Drolet, Stephane"]
[Result "0-1"]
[WhiteElo "1874"]
[BlackElo "2060"]
[PlyCount "98"]
[EventDate "2018.09.06"]
[EventType "swiss"]
[EventRounds "5"]
[EventCountry "CAN"]

1. e4 c6 2. d4 g6 3. Nf3 d5 4. Nc3 Bg7 5. Be2 Bg4 6. e5 Nh6 7. O-O O-O 8. Bf4
Nf5 9. Qd2 Bxf3 10. Bxf3 Qb6 11. Rfd1 e6 12. Rab1 Nd7 13. Ne2 c5 14. c3 Qa5 15.
b4 cxb4 16. Rxb4 Nb6 17. Rdb1 Rac8 18. Nc1 Nc4 19. Qe1 b6 20. Bd1 Qa6 21. Ra4
Qb7 22. Be2 Qd7 23. Rab4 Ne7 24. Bxc4 dxc4 25. Bd2 Nd5 26. R4b2 Rfe8 27. Ne2
Bf8 28. Nf4 Rb8 29. Nxd5 Qxd5 30. Rb5 Qc6 31. Bc1 Red8 32. R5b2 Ba3 33. Re2 Be7
34. Bh6 a5 35. Re4 b5 36. Re2 b4 37. Reb2 Ra8 38. Bd2 Rdc8 39. Rc2 Qa4 40. Rcc1
b3 41. axb3 cxb3 42. Qd1 Rab8 43. Ra1 Qb5 44. Rcb1 a4 45. Bc1 Rxc3 46. Ba3 Bxa3
47. Rxa3 Rd3 48. Qe2 Rxd4 49. Qxb5 Rxb5 0-1

[Event "Montcalm 1 2018-19"]
[Site "Quebec CAN"]
[Date "2018.09.20"]
[Round "3"]
[White "Betancourt, Juan-Mauricio"]
[Black "Auger, Bertrand"]
[Result "1-0"]
[WhiteElo "1877"]
[BlackElo "1909"]
[PlyCount "123"]
[EventDate "2018.09.06"]
[EventType "swiss"]
[EventRounds "5"]
[EventCountry "CAN"]

1. c4 c5 2. Nc3 Nc6 3. g3 g6 4. Bg2 Bg7 5. Nf3 Nf6 6. d4 cxd4 7. Nxd4 O-O 8. e3
a6 9. a3 Na5 10. b3 d6 11. Bb2 Bg4 12. Qc2 Rc8 13. h3 Bd7 14. Rc1 e5 15. Nf3 b5
16. cxb5 Bxb5 17. a4 Bc6 18. b4 Be4 19. Qd1 Nc4 20. Ba1 Ba8 21. O-O Qb6 22. b5
a5 23. Qe2 d5 24. Rfd1 Rc5 25. Nd2 Nxd2 26. Qxd2 Rfc8 27. Ne2 Ne4 28. Rxc5 Nxc5
29. Qa2 e4 30. Bxg7 Kxg7 31. Nf4 Rd8 32. Nxd5 Qe6 33. Qa1+ Kh6 34. Nf4 Rxd1+
35. Qxd1 Qd7 36. Qc2 Qd6 37. h4 f6 38. g4 g5 39. hxg5+ fxg5 40. Ne2 Nd3 41. Ng3
Qb4 42. Nf5+ Kg6 43. Qc8 Bd5 44. Qe8+ Kf6 45. Qh8+ Ke6 46. Qe8+ Kf6 47. Qh8+
Ke6 48. Qg8+ Ke5 49. Qg7+ Ke6 50. Nd4+ Kd6 51. Qf8+ Kc7 52. Qf6 Qe1+ 53. Kh2
Qxf2 54. Qe7+ Kc8 55. Qe8+ Kb7 56. Qd7+ Kb8 57. Qd8+ Ka7 58. Qxa5+ Kb8 59. Qd8+
Ka7 60. Qa5+ Kb8 61. Qb6+ Kc8 62. Qa6+ 1-0

[Event "Montcalm 1 2018-19"]
[Site "Quebec CAN"]
[Date "2018.09.20"]
[Round "3"]
[White "Dube, Daniel"]
[Black "Leblanc-Legault, Mathieu"]
[Result "0-1"]
[WhiteElo "1843"]
[BlackElo "1694"]
[PlyCount "168"]
[EventDate "2018.09.06"]
[EventType "swiss"]
[EventRounds "5"]
[EventCountry "CAN"]

1. d4 d5 2. Nf3 Nf6 3. g3 c6 4. Bg2 Bf5 5. O-O h6 6. c4 e6 7. Nc3 Be7 8. Ne5
O-O 9. f3 c5 10. e4 Bh7 11. cxd5 exd5 12. Nxd5 Nxd5 13. exd5 Qxd5 14. f4 Be4
15. Bxe4 Qxe4 16. Qf3 Qxf3 17. Nxf3 cxd4 18. Nxd4 Bc5 19. Be3 Nc6 20. Nf5 Bxe3+
21. Nxe3 Rfe8 22. Nc4 Re2 23. Rf2 Rae8 24. Nd6 Rxf2 25. Kxf2 Rd8 26. Rd1 Rd7
27. Rd2 Kf8 28. Kf3 g6 29. g4 Ke7 30. Nc4 Nd4+ 31. Ke3 Nc6 32. Rxd7+ Kxd7 33.
Ke4 f6 34. h4 b5 35. Ne3 Ne7 36. f5 Kc6 37. b4 g5 38. hxg5 hxg5 39. Nf1 Nd5 40.
a3 Kd6 41. Kd4 Kc6 42. Ng3 Nb6 43. Nh5 Nd7 44. Ng7 Ne5 45. Ne6 Nxg4 46. Ke4 Ne5
47. Nxg5 Nc4 48. Nh7 Nd6+ 49. Kf4 Ne8 50. Ke4 Kd6 51. Nf8 Ng7 52. Ng6 Nh5 53.
Nf8 Ng3+ 54. Kf4 Ne2+ 55. Ke3 Nc3 56. Kd4 Nb1 57. Ne6 Nxa3 58. Ng7 Nc2+ 59. Kc3
Ne3 60. Kd4 Nd5 61. Nh5 Kc6 62. Ke4 Kd6 63. Kd4 Nxb4 64. Nxf6 Nc6+ 65. Kc3 Ke5
66. Nd7+ Kxf5 67. Nc5 Ke5 68. Nb3 Kd5 69. Nc1 a5 70. Kb3 Kd4 71. Ne2+ Kc5 72.
Nf4 Nd4+ 73. Ka3 Kc4 74. Ng2 Nc2+ 75. Kb2 Nb4 76. Ne3+ Kd3 77. Nf5 Nc6 78. Nd6
b4 79. Kb3 Nd4+ 80. Ka4 b3 81. Ka3 Kc2 82. Nc4 Kc3 83. Nb6 Nc2+ 84. Ka4 b2 0-1

[Event "Montcalm 1 2018-19"]
[Site "Quebec CAN"]
[Date "2018.09.20"]
[Round "3"]
[White "Garcia Casillas, Carlos"]
[Black "Dumont, Eric"]
[Result "1-0"]
[WhiteElo "1790"]
[BlackElo "1661"]
[PlyCount "157"]
[EventDate "2018.09.06"]
[EventType "swiss"]
[EventRounds "5"]
[EventCountry "CAN"]

1. Nf3 d5 2. g3 Nf6 3. Bg2 c5 4. d3 Nc6 5. O-O e6 6. Nbd2 Be7 7. e4 dxe4 8.
dxe4 O-O 9. e5 Nd7 10. Re1 Rb8 11. Qe2 b5 12. h4 a6 13. Qe4 Bb7 14. Qg4 Qa5 15.
Nb3 Qb4 16. Re4 Nd4 17. Bh6 g6 18. Rxd4 cxd4 19. Bxf8 Bxf8 20. Qxd4 Qxd4 21.
Nbxd4 Bg7 22. Re1 Rc8 23. Re2 Rc5 24. Nb3 Bxf3 25. Nxc5 Bxe2 26. Nxd7 b4 27.
Bf1 Bd1 28. Bd3 a5 29. f4 Bf3 30. Bb5 h6 31. c4 bxc3 32. bxc3 Bb7 33. c4 Bc8
34. Nb6 Bb7 35. c5 Bf8 36. Na4 Bd5 37. c6 Bxc6 38. Bxc6 Bb4 39. Kf2 Kf8 40. Kf3
h5 41. Nb2 Ke7 42. Nc4 f6 43. exf6+ Kxf6 44. Be8 Bc3 45. Nd6 Kg7 46. Ne4 Bd4
47. a4 e5 48. Ng5 Bb2 49. fxe5 Bxe5 50. Ne6+ Kf6 51. Nf4 g5 52. Nxh5+ Ke7 53.
Bb5 gxh4 54. gxh4 Bc3 55. Nf4 Kf8 56. h5 Kg7 57. Kg4 Kh6 58. Nd5 Bd2 59. Ne7
Kg7 60. Nf5+ Kh7 61. Bd3 Kh8 62. h6 Kh7 63. Kh5 Bc3 64. Ne7+ Kh8 65. h7 Kg7 66.
Nc6 Kh8 67. Kg5 Kg7 68. Kf5 Kxh7 69. Ke6+ Kg7 70. Kd5 Kf6 71. Kc5 Ke6 72. Kb5
Kd5 73. Nxa5 Kd6 74. Nc4+ Kc7 75. Bf5 Kb7 76. Na3 Ka7 77. Nc2 Bd2 78. Nb4 Bc3
79. a5 1-0

[Event "Montcalm 1 2018-19"]
[Site "Quebec CAN"]
[Date "2018.09.20"]
[Round "3"]
[White "Lescarbeau, Martin"]
[Black "Gaulin, Gaetan"]
[Result "0-1"]
[WhiteElo "1659"]
[BlackElo "1936"]
[PlyCount "54"]
[EventDate "2018.09.06"]
[EventType "swiss"]
[EventRounds "5"]
[EventCountry "CAN"]

1. e4 e6 2. d4 d5 3. Be3 dxe4 4. f3 Nf6 5. c4 c5 6. fxe4 cxd4 7. Qxd4 Qxd4 8.
Bxd4 Nxe4 9. a3 Nc6 10. Be3 Bc5 11. Bxc5 Nxc5 12. b4 Nb3 13. Ra2 a5 14. b5 Ncd4
15. Ne2 b6 16. Nxd4 Nxd4 17. Bd3 Bb7 18. O-O O-O 19. Rd2 Nb3 20. Rdd1 Nc5 21.
Bc2 Rad8 22. Nc3 g6 23. Ne2 e5 24. g4 h6 25. Kf2 Kg7 26. Ke3 Bc8 27. h3 Be6 0-1

[Event "Montcalm 1 2018-19"]
[Site "Quebec CAN"]
[Date "2018.09.20"]
[Round "3"]
[White "Sarra-Bournet, Marc"]
[Black "Plante, Rejean"]
[Result "1-0"]
[WhiteElo "1874"]
[BlackElo "2088"]
[PlyCount "117"]
[EventDate "2018.09.06"]
[EventType "swiss"]
[EventRounds "5"]
[EventCountry "CAN"]

1. e4 c5 2. Nc3 a6 3. f4 b5 4. Nf3 Bb7 5. d3 e6 6. Bd2 Nc6 7. g3 b4 8. Na4 Qa5
9. b3 g6 10. a3 Bg7 11. axb4 cxb4 12. Bg2 Nge7 13. e5 Nd4 14. O-O Nxf3+ 15.
Bxf3 Bxf3 16. Qxf3 Nd5 17. d4 Qb5 18. Nc5 O-O 19. c4 bxc3 20. Bxc3 Rfc8 21. Ra5
Qb6 22. Rfa1 Bf8 23. b4 Nxb4 24. Nxd7 Qc6 25. Qxc6 Nxc6 26. Rxa6 Rxa6 27. Rxa6
Bb4 28. Rxc6 Rxc6 29. Bxb4 Rc2 30. Nf6+ Kg7 31. d5 exd5 32. Nxd5 h5 33. Be7 Rd2
34. Bf6+ Kf8 35. Ne3 Re2 36. Nc4 Ke8 37. Nd6+ Kf8 38. h3 Rd2 39. Ne4 Ra2 40.
Nf2 Ke8 41. g4 hxg4 42. hxg4 Ra4 43. Bg5 Kd7 44. Kg2 Ke6 45. Kf3 Ra3+ 46. Ke4
Ra4+ 47. Ke3 Kd5 48. Nd3 Re4+ 49. Kf3 Rd4 50. Nf2 Rb4 51. Bf6 Rb3+ 52. Kg2 Ke6
53. Ne4 Kd5 54. Nd6 Rb2+ 55. Kg3 Rb3+ 56. Kh4 Ke6 57. f5+ gxf5 58. gxf5+ Kd5
59. Nxf7 1-0

[Event "Montcalm 1 2018-19"]
[Site "Quebec CAN"]
[Date "2018.09.20"]
[Round "3"]
[White "Sauve, Richard"]
[Black "Lapierre, Gaetan"]
[Result "0-1"]
[WhiteElo "1918"]
[BlackElo "1775"]
[PlyCount "89"]
[EventDate "2018.09.06"]
[EventType "swiss"]
[EventRounds "5"]
[EventCountry "CAN"]

1. d4 Nf6 2. c4 c5 3. d5 e6 4. Nc3 exd5 5. cxd5 d6 6. e4 g6 7. Nf3 Bg7 8. Be2
O-O 9. O-O a6 10. a4 Bg4 11. h3 Bxf3 12. Bxf3 Nbd7 13. Bf4 Ne5 14. Be2 Nfd7 15.
a5 f5 16. exf5 gxf5 17. Qd2 Qf6 18. Rfe1 Kh8 19. Bg5 Qg6 20. f4 Nf7 21. Bh4 Qh6
22. Bf2 Nfe5 23. Bf1 Rg8 24. Qe3 Ng6 25. g3 Nxf4 26. h4 Be5 27. Kh2 Rg4 28. Qf3
Rag8 29. Ra4 Rxh4+ 30. gxh4 Nd3+ 31. Kh1 Nxe1 32. Bxe1 Bd4 33. Rxd4 cxd4 34.
Qxf5 Ne5 35. Ne4 Rf8 36. Qh3 Qf4 37. Bg2 Qc1 38. Qg3 Rf4 39. Nxd6 d3 40. Kh2
Ng4+ 41. Kh3 h5 42. Bc3+ Kg8 43. Nxb7 Qg1 44. Be5 d2 45. Bxf4 0-1

[Event "Montcalm 1 2018-19"]
[Site "Quebec CAN"]
[Date "2018.09.27"]
[Round "4"]
[White "Auger, Bertrand"]
[Black "Lapierre, Gaetan"]
[Result "0-1"]
[WhiteElo "1909"]
[BlackElo "1775"]
[PlyCount "128"]
[EventDate "2018.09.06"]
[EventType "swiss"]
[EventRounds "5"]
[EventCountry "CAN"]

1. Nf3 Nf6 2. g3 g6 3. b4 Bg7 4. Bb2 O-O 5. Bg2 d6 6. d3 e5 7. Nbd2 Nc6 8. b5
Ne7 9. c4 h6 10. O-O Nd7 11. Qc2 f5 12. Nb3 g5 13. Nfd2 f4 14. a4 Qe8 15. d4
Nf5 16. dxe5 dxe5 17. c5 Nf6 18. Ne4 Qh5 19. Nxf6+ Bxf6 20. Qc4+ Kh8 21. Qe4
Qe8 22. Rad1 Ng7 23. Qc2 h5 24. Be4 h4 25. Bg6 Qe6 26. Qd3 Nf5 27. Bxf5 Qxf5
28. e4 Qh3 29. gxf4 Qxd3 30. Rxd3 gxf4 31. f3 Be6 32. Rfd1 Rg8+ 33. Kh1 Bc4 34.
Rc3 Be6 35. Na5 Bh3 36. Rc2 Rg7 37. Nc4 Rg5 38. a5 Rag8 39. b6 axb6 40. axb6
cxb6 41. cxb6 Be6 42. Na5 h3 43. Rcd2 Rg2 44. Rxg2 Rxg2 45. Bc3 Rc2 46. Be1 Bc8
47. Kg1 Kg7 48. Bd2 Be7 49. Nb3 Kf6 50. Kf1 Bd7 51. Ke1 Bb5 52. Rc1 Rxc1+ 53.
Bxc1 Ke6 54. Bd2 Bh4+ 55. Kd1 Bf2 56. Na5 Ba6 57. Be1 Bg1 58. Nb3 Bxb6 59. Bb4
Bg1 60. Nc5+ Kf7 61. Nd7 Bxh2 62. Nxe5+ Ke6 63. Ng4 Bg3 64. Be1 h2 0-1

[Event "Montcalm 1 2018-19"]
[Site "Quebec CAN"]
[Date "2018.09.27"]
[Round "4"]
[White "Dumont, Eric"]
[Black "Dube, Daniel"]
[Result "1-0"]
[WhiteElo "1661"]
[BlackElo "1843"]
[PlyCount "63"]
[EventDate "2018.09.06"]
[EventType "swiss"]
[EventRounds "5"]
[EventCountry "CAN"]

1. d4 f5 2. Bf4 Nf6 3. e3 g6 4. Nf3 d6 5. c4 Bg7 6. Nc3 O-O 7. Be2 h6 8. h4 a5
9. Qc2 Nc6 10. a3 Nh5 11. Bh2 Nf6 12. Bf4 Bd7 13. O-O a4 14. Rad1 Na5 15. Nxa4
Kh7 16. Nc3 Nh5 17. Bh2 e6 18. c5 d5 19. Nb5 Bxb5 20. Bxb5 Nc6 21. Be2 Bf6 22.
g3 Rg8 23. Kh1 g5 24. hxg5 Bxg5 25. g4 Ng7 26. Nxg5+ hxg5 27. Kg2 Kg6 28. Rh1
Qe7 29. Bg3 Kf7 30. Rh7 Raf8 31. gxf5 exf5 32. Bh5+ 1-0

[Event "Montcalm 1 2018-19"]
[Site "Quebec CAN"]
[Date "2018.09.27"]
[Round "4"]
[White "Gaulin, Gaetan"]
[Black "Sarra-Bournet, Marc"]
[Result "1-0"]
[WhiteElo "1936"]
[BlackElo "1874"]
[PlyCount "77"]
[EventDate "2018.09.06"]
[EventType "swiss"]
[EventRounds "5"]
[EventCountry "CAN"]

1. Nf3 d5 2. c4 c6 3. d4 Nf6 4. Nc3 e6 5. e3 Be7 6. Bd3 O-O 7. O-O Nbd7 8. b3
a6 9. Bb2 c5 10. cxd5 exd5 11. Rc1 b5 12. dxc5 Nxc5 13. Bb1 b4 14. Ne2 a5 15.
Rxc5 Bxc5 16. Bxf6 Qxf6 17. Qc2 g6 18. Qxc5 Ba6 19. Qd4 Qxd4 20. Nfxd4 Rac8 21.
Rd1 Rc5 22. Kf1 Rfc8 23. Ke1 R8c7 24. Kd2 h5 25. h4 Kg7 26. Nf4 Kf6 27. g3 Bc8
28. Nd3 Rc3 29. Nb5 R7c6 30. Nxc3 bxc3+ 31. Kc1 Bg4 32. Re1 Bf5 33. Bc2 Rc7 34.
Nf4 Be6 35. Rd1 Rc5 36. Rd4 Ke7 37. Bd3 Kf6 38. Kc2 Ke5 39. Ne2 1-0

[Event "Montcalm 1 2018-19"]
[Site "Quebec CAN"]
[Date "2018.09.27"]
[Round "4"]
[White "Leblanc-Legault, Mathieu"]
[Black "Desbiens, Raphael"]
[Result "1/2-1/2"]
[WhiteElo "1694"]
[BlackElo "2175"]
[PlyCount "118"]
[EventDate "2018.09.06"]
[EventType "swiss"]
[EventRounds "5"]
[EventCountry "CAN"]

1. d4 Nf6 2. Nf3 g6 3. c3 Bg7 4. Bg5 O-O 5. e3 d6 6. Bd3 Nbd7 7. O-O b6 8. Nbd2
Bb7 9. a4 c5 10. h3 Re8 11. Bh4 e5 12. dxe5 dxe5 13. Be4 Qc7 14. Bxb7 Qxb7 15.
Nc4 Qc6 16. Qd6 Qxd6 17. Nxd6 Re6 18. Rfd1 h6 19. Nb5 Re7 20. Nc7 Rc8 21. Nd5
Re6 22. Nxf6+ Nxf6 23. Bxf6 Bxf6 24. e4 Kf8 25. Rd5 Ke8 26. Rad1 Rd8 27. Rxd8+
Bxd8 28. Rd5 Bc7 29. Nd2 Ke7 30. c4 Bd6 31. Nb3 Kd7 32. Nc1 Kc6 33. Nd3 a6 34.
g4 f6 35. Kg2 Re8 36. Ne1 Rb8 37. Rd1 b5 38. axb5+ axb5 39. b3 bxc4 40. bxc4
Rb4 41. Rc1 Rb3 42. Nf3 g5 43. Nd2 Rd3 44. Nf1 Bc7 45. Ne3 Ba5 46. Rc2 Rd7 47.
Kf1 h5 48. Ra2 Bd8 49. Ke2 hxg4 50. hxg4 Rd4 51. f3 Kb7 52. Rd2 Ka6 53. Nf5
Rxd2+ 54. Kxd2 Ka5 55. Ne3 Kb4 56. Kd3 Kb3 57. Nd5 Kb2 58. Nc3 Kb3 59. Nd5 Kb2
1/2-1/2

[Event "Montcalm 1 2018-19"]
[Site "Quebec CAN"]
[Date "2018.09.27"]
[Round "4"]
[White "Perreault, Jacquelin"]
[Black "Fecteau, Martin"]
[Result "0-1"]
[WhiteElo "1757"]
[BlackElo "1914"]
[PlyCount "52"]
[EventDate "2018.09.06"]
[EventType "swiss"]
[EventRounds "5"]
[EventCountry "CAN"]

1. e4 c5 2. Nf3 e6 3. d4 cxd4 4. Nxd4 a6 5. Bd3 Nc6 6. Be3 Nf6 7. Nc3 Qc7 8.
Qe2 b5 9. O-O Bb7 10. Rac1 Ne5 11. f3 Be7 12. Rfd1 d6 13. a3 O-O 14. Qf2 d5 15.
exd5 Bxd5 16. Nxd5 Nxd5 17. Be4 Nxe3 18. Qxe3 Rac8 19. Kh1 h6 20. g3 Nc4 21.
Qb3 Bf6 22. c3 Qb6 23. a4 Bxd4 24. Rxd4 f5 25. Bd3 Qc6 26. Kg2 e5 0-1

[Event "Montcalm 1 2018-19"]
[Site "Quebec CAN"]
[Date "2018.10.04"]
[Round "5"]
[White "Betancourt, Juan-Mauricio"]
[Black "Desbiens, Raphael"]
[Result "0-1"]
[WhiteElo "1877"]
[BlackElo "2175"]
[PlyCount "84"]
[EventDate "2018.09.06"]
[EventType "swiss"]
[EventRounds "5"]
[EventCountry "CAN"]

1. c4 Nf6 2. g3 c6 3. Bg2 d5 4. cxd5 cxd5 5. Nf3 Nc6 6. O-O Bf5 7. a3 e5 8. d3
e4 9. dxe4 dxe4 10. Nfd2 Bc5 11. Qc2 Qe7 12. Nb3 Bb6 13. Nc3 Qe6 14. Nb5 Nd5
15. Nc5 Bxc5 16. Qxc5 Nce7 17. Nd6+ Kf8 18. Nxf5 Qxf5 19. Qd4 Nf6 20. Bd2 Nc6
21. Qd6+ Kg8 22. Bc3 Re8 23. Rad1 h5 24. Bxf6 gxf6 25. Qd7 Re6 26. h4 Qb5 27.
Rd2 Kg7 28. Qd5 Qxd5 29. Rxd5 Kg6 30. Bh3 Re5 31. Rd7 Rb5 32. b4 a5 33. bxa5
Ra8 34. Bg2 f5 35. f3 e3 36. g4 f4 37. gxh5+ Rxh5 38. Rxb7 Raxa5 39. Rd1 Rad5
40. Rxd5 Rxd5 41. Rb2 Nd4 42. Bh3 Kh5 0-1

[Event "Montcalm 1 2018-19"]
[Site "Quebec CAN"]
[Date "2018.10.04"]
[Round "5"]
[White "Fecteau, Martin"]
[Black "Dumont, Eric"]
[Result "1-0"]
[WhiteElo "1914"]
[BlackElo "1661"]
[PlyCount "57"]
[EventDate "2018.09.06"]
[EventType "swiss"]
[EventRounds "5"]
[EventCountry "CAN"]

1. d4 d5 2. c4 c6 3. Nf3 Nf6 4. g3 e6 5. Bg2 Bd6 6. Qc2 O-O 7. O-O Nbd7 8. Nbd2
e5 9. cxd5 Nxd5 10. Nc4 Bc7 11. dxe5 f6 12. e4 N5b6 13. Nd6 Bxd6 14. exd6 Ne5
15. Nxe5 fxe5 16. Qb3+ Kh8 17. Rd1 Qf6 18. f4 Be6 19. Qc2 Bg4 20. Rd3 Rad8 21.
fxe5 Qxe5 22. Bf4 Qh5 23. Rd2 Nd7 24. Qc3 Rde8 25. Qd4 b6 26. b4 Bf3 27. Rf1
Rxe4 28. Bxf3 Rfxf4 29. Qxe4 1-0

[Event "Montcalm 1 2018-19"]
[Site "Quebec CAN"]
[Date "2018.10.04"]
[Round "5"]
[White "Garcia Casillas, Carlos"]
[Black "Leblanc-Legault, Mathieu"]
[Result "1/2-1/2"]
[WhiteElo "1790"]
[BlackElo "1694"]
[PlyCount "111"]
[EventDate "2018.09.06"]
[EventType "swiss"]
[EventRounds "5"]
[EventCountry "CAN"]

1. Nf3 d5 2. g3 Nf6 3. Bg2 c6 4. d3 h6 5. Nbd2 Bf5 6. O-O e6 7. Re1 Be7 8. c3
O-O 9. Qb3 Qb6 10. Qxb6 axb6 11. Nd4 Bg6 12. e4 Re8 13. f4 Bc5 14. N2b3 Na6 15.
h3 Rad8 16. Bd2 b5 17. Kh2 Bb6 18. f5 exf5 19. exf5 Bh7 20. g4 Bc7+ 21. Kh1 Nd7
22. Rxe8+ Rxe8 23. Re1 Rxe1+ 24. Bxe1 Nac5 25. Nc1 Bf4 26. Nde2 Bd6 27. d4 Na4
28. b3 Nab6 29. Nd3 g6 30. fxg6 Bxg6 31. Ndf4 Bb1 32. a3 Bc2 33. b4 Nc4 34. Nh5
f5 35. gxf5 Bxf5 36. Bg3 Bxg3 37. Nexg3 Bc2 38. h4 Kf7 39. Bh3 Ndb6 40. Nf4
Nxa3 41. Ne6 Ke7 42. Nc5 Nb1 43. Bf5 Bxf5 44. Nxf5+ Kf6 45. Nxh6 Kg6 46. Ng4
Kh5 47. Ne5 Nc4 48. Nxb7 Nxe5 49. dxe5 Nxc3 50. Nc5 d4 51. Ne6 d3 52. Nf4+ Kxh4
53. Nxd3 Kg5 54. e6 Kf6 55. Ne5 Kxe6 56. Nxc6 1/2-1/2